Militarización sin militarismo en Costa Rica /
Salvato in:
| Autore principale: | |
|---|---|
| Enti autori: | , |
| Natura: | testo |
| Pubblicazione: |
San José:
CRIES
|
| Tags: |
Aggiungi Tag
Nessun Tag, puoi essere il primo ad aggiungerne!!
|
MARC
| LEADER | 00000 a a2200000 04500 | ||
|---|---|---|---|
| 001 | 21670 | ||
| 003 | |||
| 040 | |||
| 090 | |a 096600 | ||
| 100 | |a Vargas Cullell, Jorge Luis | ||
| 110 | |a Coordinadora Regional de Investigaciones Económicas y Sociales | ||
| 245 | |a Militarización sin militarismo en Costa Rica / |c Coordinadora Regional de Investigaciones Económicas y Sociales | ||
| 260 | |a San José: |b CRIES | ||
| 300 | |a 23 p | ||
| 710 | |a CRIES | ||
| 999 | |c 15593 |d 15593 | ||
